00000000nam 2200000zi 4500
0019.942066
003CaOODSP
00520250107131836
006m     o  d f      
007cr |n|||||||||
008240819t20242024onca    o    f000 0 eng d
020 |a9780660732374
040 |aCaOODSP|beng|erda|cCaOODSP
043 |an-cn---
0861 |aH129-161/2-2024E-PDF
24500|aButton batteries : |bwatch out for these hidden dangers in your home!
264 1|a[Ottawa] : |bHealth Canada = Santé Canada, |c[2024]
264 4|c©2024
300 |a1 online resource (1 unnumbered page) : |bcolour illustrations
336 |atext|btxt|2rdacontent
337 |acomputer|bc|2rdamedia
338 |aonline resource|bcr|2rdacarrier
500 |aIssued also in French under title: Piles boutons : attention à ces dangers cachés chez vous!
500 |a"Pub.: 240488."
650 0|aElectric batteries|zCanada|xSafety measures.
650 0|aChildren's accidents|zCanada|xPrevention.
7101 |aCanada. |bHealth Canada, |eissuing body.
77508|tPiles boutons : |w(CaOODSP)9.942070
7760#|tButton batteries : |w(CaOODSP)9.942067
85640|qPDF|s504 KB|uhttps://publications.gc.ca/collections/collection_2025/sc-hc/H129-161-2-2024-eng.pdf
8564 |qHTML|sN/A|uhttps://www.canada.ca/en/health-canada/services/household-products/battery-safety/resources/factsheet-button-batteries.html